000 00677nam a2200277Ia 4500
005 20260324134113.0
008 008 260324s9999 xx 000 0 eng d
020 _a9781003572640
037 _aEBOOK
040 _aCRL
040 _beng
040 _cCRL
041 _2eng
041 _aeng
084 _qCRL
100 _aDaniel Carchidi
_91195588
245 4 _aThe Virtual Delivery and Virtual Organization of Post-secondary Education
260 _bTaylor and Francis
260 _c2002
365 _a
365 _b205
856 _uhttp://www.taylorfrancis.com/books/9781003572640
942 _cEBOOK
999 _c1795300
_d1795300